| 000 | 00766nam a2200229Ia 4500 | ||
|---|---|---|---|
| 001 | 6365 | ||
| 003 | GE_BSU | ||
| 008 | 181216s||||||||xx |||||||||||||| ||und|| | ||
| 040 | _cGE_BSU | ||
| 080 | _a821.353.1-32 | ||
| 100 | _aბებია,პლატონ. | ||
| 245 | _aმზექალას ნანდაური. | ||
| 245 | _bმოთხრობები. | ||
| 245 | _cრედ:რ.ბეჟაშვილი;მხატვ:.ვ.ალიმბარაშვილი. | ||
| 260 | _aთბილისი. | ||
| 260 | _bსაბჭ.საქართველო. | ||
| 260 | _c1960. | ||
| 300 | _a153გვ;19სმ. | ||
| 653 | _aლექსები. | ||
| 653 | _aმზექალას ნანდაური. | ||
| 942 | _cBK | ||
| 999 |
_c39760 _d39760 |
||